Orson Welles Filmography - Statistics

General Stats
  • This quiz has been taken 146 times
    76 since last reset
  • The average score is 95 of 254
Answer Stats
Type Year Name % Correct
Film Director 1941 Citizen Kane
100%
Film Screenplay 1941 Citizen Kane
100%
Film Production 1941 Citizen Kane
100%
Film Acting Role 1941 Citizen Kane
100%
Film Director 1947 The Lady from Shanghai
90%
Film Screenplay 1947 The Lady from Shanghai
90%
Film Production 1947 The Lady from Shanghai
90%
Film Acting Role 1947 The Lady from Shanghai
90%
Film Director 1942 The Magnificent Ambersons
90%
Film Screenplay 1942 The Magnificent Ambersons
90%
Film Production 1942 The Magnificent Ambersons
90%
Film Director 1946 The Stranger
90%
Film Screenplay 1946 The Stranger
90%
Film Acting Role 1946 The Stranger
90%
Film Screenplay 1949 The Third Man
90%
Film Acting Role 1949 The Third Man
90%
Film Director 1974 F for Fake
85%
Film Screenplay 1974 F for Fake
85%
Film Acting Role 1974 F for Fake
85%
Film Director 1948 Macbeth
85%
Film Screenplay 1948 Macbeth
85%
Film Production 1948 Macbeth
85%
Film Acting Role 1948 Macbeth
85%
Film Director 1951 Othello
85%
Film Screenplay 1951 Othello
85%
Film Production 1951 Othello
85%
Film Acting Role 1951 Othello
85%
Film Director 1958 Touch of Evil
85%
Film Screenplay 1958 Touch of Evil
85%
Film Acting Role 1958 Touch of Evil
85%
Film Director 1965 Chimes at Midnight
70%
Film Screenplay 1965 Chimes at Midnight
70%
Film Acting Role 1965 Chimes at Midnight
70%
Film Director 2018 The Other Side of the Wind
70%
Film Director 1962 The Trial
70%
Film Screenplay 1962 The Trial
70%
Film Acting Role 1962 The Trial
70%
Film Director 1955 Mr. Arkadin
60%
Film Screenplay 1955 Mr. Arkadin
60%
Film Production 1955 Mr. Arkadin
60%
Film Acting Role 1955 Mr. Arkadin
60%
Film Director 1968 The Immortal Story
60%
Film Screenplay 1968 The Immortal Story
60%
Film Acting Role 1968 The Immortal Story
60%
Film Cameo 1979 The Muppet Movie
60%
Documentary Series Director 1955 Around the World with Orson Welles
55%
Documentary Series Writer 1955 Around the World with Orson Welles
55%
Documentary Series Appearance 1955 Around the World with Orson Welles
55%
Film Acting Role 1966 A Man for All Seasons
50%
Unfinished Work 1957-1972 Don Quixote
50%
Unfinished Work 1941-1942 It's All True
50%
Documentary Appearance 1993 It's All True: Based on an Unfinished Film by Orson Welles
50%
Film Production 1943 Jane Eyre
50%
Film Acting Role 1943 Jane Eyre
50%
Short Film Director 1969 The Merchant of Venice
50%
Short Film Screenplay 1969 The Merchant of Venice
50%
Short Film Production 1969 The Merchant of Venice
50%
Short Film Acting Role 1969 The Merchant of Venice
50%
Film Acting Role 1986 The Transformers: The Movie
50%
Film Director 1938 Too Much Johnson
50%
Film Screenplay 1938 Too Much Johnson
50%
Film Production 1938 Too Much Johnson
50%
Short Film Director 1933 Twelfth Night
50%
Short Film Acting Role 1933 Twelfth Night
50%
Film Cameo 1970 Catch-22
45%
Short Film Director 1940 Citizen Kane Trailer
45%
Short Film Screenplay 1940 Citizen Kane Trailer
45%
Short Film Production 1940 Citizen Kane Trailer
45%
Short Film Acting Role 1940 Citizen Kane Trailer
45%
Short Film Director 1976 F for Fake Trailer
45%
Film Director 1943 Journey into Fear
45%
Film Screenplay 1943 Journey into Fear
45%
Film Production 1943 Journey into Fear
45%
Film Acting Role 1943 Journey into Fear
45%
TV Play Acting Role 1953 King Lear
45%
Unfinished Work 1985 King Lear
45%
Film Acting Role 1956 Moby Dick
45%
Documentary Series Writer 1955 Orson Welles' Sketch Book
45%
Documentary Series Appearance 1955 Orson Welles' Sketch Book
45%
Short Film Director 1934 The Hearts of Age
45%
Short Film Screenplay 1934 The Hearts of Age
45%
Short Film Acting Role 1934 The Hearts of Age
45%
Short Film Director 1984 The Spirit of Charles Lindbergh
45%
Short Film Screenplay 1984 The Spirit of Charles Lindbergh
45%
Short Film Production 1984 The Spirit of Charles Lindbergh
45%
Short Film Acting Role 1984 The Spirit of Charles Lindbergh
45%
Unfinished Work 1968 Vienna
45%
Film Acting Role 1971 A Safe Place
40%
Film Director 1949 Black Magic
40%
Film Acting Role 1949 Black Magic
40%
Film Acting Role 1967 Casino Royale
40%
Film Acting Role 1959 Compulsion
40%
Film Acting Role 1946 Duel in the Sun
40%
Film Acting Role 1959 Ferry to Hong Kong
40%
TV Documentary Appearance 1978 Filming Othello
40%
Film Acting Role 1981 History of the World, Part I
40%
Unfinished Work 1968-1971 One Man Band
40%
Unfinished Work 1976-1985 Orson Welles' Magic Show
40%
Documentary Appearance 1995 Orson Welles: The One-Man Band
40%
Film Acting Role 1987 Someone to Love
40%
Film Acting Role 1970 Start the Revolution Without Me
40%
Film Acting Role 1940 Swiss Family Robinson
40%
Unfinished Work 1980-1982 The Dreamers
40%
TV Pilot 1979 The Orson Welles Show
40%
Film Director 1969 The Southern Star
40%
Film Acting Role 1969 The Southern Star
40%
Film Acting Role 1937 The Spanish Earth
40%
Film Director 1955 Three Cases of Murder
40%
Film Acting Role 1955 Three Cases of Murder
40%
Film Acting Role 1972 Treasure Island
40%
TV Special Director 1970 An Evening with Orson Welles
35%
TV Special Appearance 1970 An Evening with Orson Welles
35%
Film Acting Role 1960 David and Goliath
35%
Film Acting Role 1961 King of Kings
35%
Short Film Director 1953 Magic Trick
35%
Short Film Screenplay 1953 Magic Trick
35%
Short Film Acting Role 1953 Magic Trick
35%
Film Acting Role 1972 Necromancy
35%
Film Acting Role 1968 Oedipus the King
35%
Unfinished Work 1960 Orson Welles in Dublin
35%
Documentary Appearance 1967 Portrait: Orson Welles
35%
TV Mini-Series Acting Role 1980 Shõgun
35%
Film Acting Role 1950 The Black Rose
35%
Short Film Director 1939 The Green Goddess
35%
Short Film Screenplay 1939 The Green Goddess
35%
Short Film Acting Role 1939 The Green Goddess
35%
Film Acting Role 1946 Tomorrow Is Forever
35%
Documentary Appearance 1975 Bugs Bunny: Superstar
30%
Unfinished Work 1981 Filming the Trial
30%
Film Acting Role 1972 Get to Know Your Rabbit
30%
TV Show Acting Role 1956 I Love Lucy
30%
Documentary Series Director 1964 In the Land of Don Quixote
30%
Documentary Series Production 1964 In the Land of Don Quixote
30%
Documentary Series Appearance 1964 In the Land of Don Quixote
30%
Film Acting Role 1966 Is Paris Burning?
30%
TV Short Appearance 1975 Rikki-Tikki-Tavi
30%
TV Show Director 1961 Tempo
30%
TV Show Writer 1961 Tempo
30%
TV Show Acting Role 1961 Tempo
30%
Unfinished Work 1967-1970 The Deep
30%
TV Pilot 1956 The Fountain of Youth
30%
Film Screenplay 1973 Battle of Sutjeska
25%
Film Acting Role 1982 Butterfly
25%
Film Acting Role 1962 La Fayette
25%
Documentary Director 1958 Portrait of Gina
25%
Documentary Writer 1958 Portrait of Gina
25%
Documentary Appearance 1958 Portrait of Gina
25%
Film Acting Role 1949 Prince of Foxes
25%
Film Cameo 1954 Royal Affairs in Versailles
25%
Unfinished Work 1967 The Heroine
25%
Film Acting Role 1958 The Long, Hot Summer
25%
Short Film Director 1950 The Miracle of St. Anne
25%
Short Film Screenplay 1950 The Miracle of St. Anne
25%
Film Acting Role 1958 The Roots of Heaven
25%
Film Acting Role 1970 Waterloo
25%
Short Documentary Appearance 1975 Who's Out There?
25%
Film Acting Role 1969 12 + 1
20%
Documentary Appearance 1970 A Horse Called Nijinsky
20%
Documentary Appearance 1965 A King's Story
20%
Documentary Appearance 1985 Almonds and Raisins
20%
Film Cameo 1974 And Then There Were None
20%
TV Documentary Appearance 1967 Around the World of Mike Todd
20%
Film Acting Role 1969 Battle of Neretva
20%
Film Acting Role 1960 Crack in the Mirror
20%
Documentary Appearance 1971 Directed by John Ford
20%
Film Cameo 1944 Follow the Boys
20%
TV Show Acting Role 1956 Ford Star Jubilee
20%
Short Film Acting Role 1971 Freedom River
20%
Documentary Appearance 1981 Genocide
20%
Short Documentary Appearance 1959 High Journey
20%
Film Acting Role 1983 Hot Money
20%
Film Acting Role 1969 House of Cards
20%
Film Acting Role 1967 I'll Never Forget What's'isname
20%
Documentary Appearance 1984 In Our Hands
20%
Short Film Acting Role 1970 Is It Always Right to Be Right?
20%
Documentary Appearance 2014 Magician: The Astonishing Life and Work of Orson Welles
20%
Film Acting Role 1971 Malpertuis
20%
Film Acting Role 1957 Man in the Shadow
20%
Film Acting Role 1965 Marco the Magnificent
20%
Documentary Appearance 1958 Masters of the Congo Jungle
20%
TV Show Acting Role 1985 Moonlighting
20%
Film Cameo 1955 Napoléon
20%
TV Show Acting Role 1973 Orson Welles' Great Mysteries
20%
TV Documentary Appearance 1956 Out of Darkness
20%
Short Film Acting Role 1951 Return to Glennascaul
20%
Short Film Acting Role 1977 Rime of the Ancient Mariner
20%
Film Acting Role 1963 Ro.Go.Pa.G.
20%
TV Show Acting Role 1985 Scene of the Crime
20%
Documentary Appearance 1981 Search for the Titanic
20%
Short Documentary Appearance 1971 Sentinels of Silence
20%
Film Cameo 1982 Slapstick of Another Kind
20%
Documentary Appearance 1958 South Seas Adventure
20%
Documentary Series Appearance 1975 Survival
20%
Film Acting Role 1971 Ten Days' Wonder
20%
Film Acting Role 1969 Tepepa
20%
Documentary Appearance 1974 The Challenge... A Tribute to Modern Art
20%
Film Acting Role 1979 The Double McGuffin
20%
Documentary Appearance 2018 The Eyes of Orson Welles
20%
Documentary Appearance 1964 The Finest Hours
20%
Film Acting Role 1978 The Greatest Battle
20%
Film Acting Role 1980 The Greenstone
20%
Film Acting Role 1970 The Kremlin Letter
20%
Film Acting Role 1968-1969 The Last Roman
20%
Documentary Appearance 1984 The Last Sailors: The Final Days of Working Sail
20%
Documentary Appearance 1977 The Lions of Capitalism: Some Call It Greed
20%
Documentary Appearance 1981 The Man Who Saw Tomorrow
20%
TV Documentary Appearance 1979 The New Deal for Artists
20%
Film Acting Role 1967 The Sailor from Gibraltar
20%
Film Acting Role 1980 The Secret of Nikola
20%
Documentary Series Appearance 1971 The Silent Years
20%
Film Acting Role 1961 The Tartars
20%
Film Acting Role 1958 The Vikings
20%
Film Acting Role 1963 The V.I.P.s
20%
Film Acting Role 1969 To Build a Fire
20%
Film Acting Role 1952 Trent's Last Case
20%
Film Acting Role 1954 Trouble in the Glen
20%
Film Acting Role 1976 Voyage of the Damned
20%
Film Acting Role 1983 Where Is Parsifal?
20%
Film Acting Role 1960 Austerlitz
15%
TV Pilot 1956 Camille, the Naked Lady and the Musketeers
15%
Short Film Acting Role 1950 Disorder
15%
Film Acting Role 1986 Enchanted Journey
15%
Documentary Appearance 1980 Franklin D. Roosevelt Four Freedoms Park
15%
Documentary Appearance 1973 Kelly Country
15%
Short Documentary Appearance 1943 Know Your Ally: Britain
15%
Film Acting Role 1952 Little World of Don Camillo
15%
Film Acting Role 1953 Man, Beast and Virtue
15%
Documentary Appearance 1945 Mexico City, Old and New
15%
Film Acting Role 1978 Mysterious Castles of Clay
15%
Documentary Appearance 1976 NBC: The First Fifty Years - A Closer Look
15%
Short Documentary Appearance 1973 Power and Corruption
15%
Documentary Appearance 1962 River of the Ocean
15%
Documentary Appearance 1979 The Late Great Planet Earth
15%
Documentary Appearance 2015 This Is Orson Welles
15%
TV Show Acting Role 1972 Hallmark Hall of Fame
10%
Film Cameo 1977 Hot Tomorrows
10%
Documentary Appearance 2019 The Welles Raft
10%
Documentary Series Appearance 1982 Arena
5%
Documentary Appearance 1980 A Step Away
5%
TV Pilot 1956 Orson Welles and People
5%
Short Documentary Appearance 1966 Orson Welles in Spain
5%
Documentary Appearance 1970 Soft Self-Portrait of Salvador Dali
5%
Short Documentary Appearance 1972 Future Shock
0%
Documentary Series Appearance 1987 Hollywood the Golden Years: The RKO Story
0%
TV Documentary Appearance 2000 L'affaire Dominici par Orson Welles
0%
TV Documentary Appearance 2000 Orson Welles and Rita Hayworth
0%
TV Documentary Appearance 2000 Orson Welles en el país de Don Quijote
0%
TV Documentary Appearance 2015 Orson Welles: Shadows and Light
0%
TV Documentary Appearance 1992 Orson Welles: What Went Wrong?
0%
Documentary Appearance 1993 Rosabella: La storia italiana di Orson Welles
0%
Documentary Appearance 1984 The Road to Bresson
0%
TV Documentary Appearance 1996 Welles and Hearst
0%
TV Documentary Appearance 2007 Welles Angels
0%
Documentary Appearance 1993 Working with Orson Welles
0%
No matching quizzes found
Score Distribution
Percent of People with Each Score
Percentile by Number Answered
Your Score History
You have not taken this quiz since the last reset